Answers with Queen - Statistics

General Stats
  • This quiz has been taken 35 times
  • The average score is 12 of 20
Answer Stats
Hint Answer % Correct
1) Female monarch of England who recentlypassed Queen Elizabeth
100%
2) Large borough of New York Queens
100%
3) Brisbane is its capital Queensland
88%
10) Hit song by ABBA Dancing Queen
85%
18) British national anthem God Save The Queen
85%
7) One who over exaggerates and plays intosomething Drama Queen
70%
6) Winner of a pageant Beauty Queen
67%
8) Popular US based ice cream chain featuringblizzard treats Dairy Queen
67%
9) Where men dress in womens clothing forpageants, events, etc Drag Queen
64%
20) 1974 hit song by Queen Killer Queen
61%
16) This actor was the "king of cool". Starred infilms like Towering Inferno and the Magnificent 7 Steve McQueen
58%
5) Comedy starring Leah Remini and Kevin James King of Queens
52%
12) Wife of a reigning king without sovereignpower Queen Consort
48%
15) Classic film starring Katharine Hepburn andHumphrey Bogart African Queen
42%
17) Maters best friend and Cars protagonist Lightning McQueen
42%
11) Mary Stuart I known as Queen of Scots
39%
4) Blackbeards feared ship Queen Annes Revenge
27%
19) An actress who stars in many horror films Scream Queen
27%
13) Charlotte, NC is nicknamed this Queen City
24%
14) 2020 Ava Max song Kings and Queens
21%
No matching quizzes found
Score Distribution
Percent of People with Each Score
Percentile by Number Answered
Your Score History
You have not taken this quiz